• 首页
  • 本馆介绍
  • 公告通知
  • 最新文献
  • 馆藏检索
  • 电子资源
  • 读者导购
  • 参考咨询
  • 我的图书馆
  • 登录
  • 详细信息显示
  • 放入我的书架
  • 预约/预借图书
  • 作者相关作品
  • 分类相关作品
  • 丛书相关作品
  • 出版社相关作品

书目信息

  • 表格格式
  • 工作单格式
  • 卡片格式
题名:
食品安全学
    
 
作者: 钟耀广 主编
分册:  
出版信息: 北京   化学工业出版社  2010
页数: 250页
开本: 26cm
丛书名:
单 册:
中图分类: R155.5
科图分类:
主题词: 食品卫生--高等学校--教材 , 食品卫生
电子资源:
ISBN: 978-7-122-08087-5
000 00903nam0 2200265 45
001 1338842609
005 20130514151336.32
010    @a978-7-122-08087-5@dCNY28.00
100    @a20130108d2010 em y0chiy0110 ea
101 0  @achi
102    @aCN@b110000
105    @aak z 000yy
106    @ar
200 1  @a食品安全学@AShi Pin An Quan Xue@f钟耀广主编@FZhong Yao Guang Zhu Bian
205    @a2版
210    @a北京@c化学工业出版社@d2010
215    @a250页@c图@d26cm
300    @a高等学校教材 食品科技系列
330    @a本书从教学、科研和生产实际出发,概述了与食品安全有关的科学问题,全书共分十四章,分别介绍了食品的腐败变质、真菌毒素的污染等,重点阐述了食品安全检测技术、食品掺伪的检验等。
606 0  @a食品卫生@x高等学校@j教材
606 0  @a食品卫生
690    @aR155.5@v5
701  0 @a钟耀广@AZhong Yao Guang@4主编
801    @aCN@bTANGWEI@c20130108
905    @b0828597-601@dR155.5@e105=2@f5
    
    食品安全学/钟耀广主编.-2版.-北京:化学工业出版社,2010
    250页:图;26cm
    高等学校教材 食品科技系列
    
    ISBN 978-7-122-08087-5:CNY28.00
    本书从教学、科研和生产实际出发,概述了与食品安全有关的科学问题,全书共分十四章,分别介绍了食品的腐败变质、真菌毒素的污染等,重点阐述了食品安全检测技术、食品掺伪的检验等。
●
相关链接 在E读中查询图书 在五车中查询图书 在当当中查询图书 在豆瓣中查询图书


正题名:食品安全学     索取号:R155.5/105=2         预约/预借

序号 登录号 条形码 馆藏地/架位号 状态 备注
1 0828597   208285979   第二样本阅览室/ [索取号:R155.5/105=2] 在馆    
2 0828598   208285988   第三借阅区/ [索取号:R155.5/105=2] 在馆    
3 0828599   208285997   第三借阅区/ [索取号:R155.5/105=2] 在馆    
4 0828600   208286004   第三借阅区/ [索取号:R155.5/105=2] 在馆    
5 0828601   208286013   第三借阅区/ [索取号:R155.5/105=2] 在馆    
唐山师范学院图书馆 欢迎您!
大连网信软件有限公司© 版权所有